|
|
|
|
| LEADER |
00000nas a2200000 a 4500 |
| 001 |
ssj0000393892 |
| 003 |
WaSeSS |
| 005 |
20200512172242.0 |
| 006 |
m d |
| 007 |
cr n |
| 008 |
100831c20099999ilutr p s 0 a0eng c |
| 010 |
|
|
|a 2011268518
|
| 022 |
|
|
|a 2329-4604
|y 2156-4809
|
| 035 |
|
|
|a (WaSeSS)ssj0000393892
|
| 040 |
|
|
|a GKJ
|b eng
|c GKJ
|d GKJ
|d HNK
|d CUD
|d OCLCQ
|d AD#
|d SERSO
|d BUF
|d OCLCQ
|d EYM
|d DLC
|d OCLCA
|d OCLCF
|d OCLCO
|d OCLCQ
|d OCLCO
|d UUM
|d VT2
|d OCLCO
|d WaSeSS
|
| 042 |
|
|
|a pcc
|a nsdp
|
| 043 |
|
|
|a n-us---
|
| 050 |
1 |
4 |
|a K12
|
| 082 |
0 |
0 |
|a 344.01
|2 23
|
| 222 |
|
0 |
|a ABA journal of labor & employment law
|b (Online)
|
| 245 |
0 |
0 |
|a ABA journal of labor & employment law
|h [electronic resource].
|
| 246 |
1 |
|
|a ABA journal of labor and employment law
|
| 246 |
1 |
|
|a Labor & employment law
|
| 246 |
1 |
|
|a Labor and employment law
|
| 260 |
|
|
|a Chicago, IL :
|b American Bar Association, Section of Labor and Employment Law,
|c ©2009-
|
| 310 |
|
|
|a Three no. a year
|
| 362 |
1 |
|
|a Began with vol. 25, no. 1 (fall 2009).
|
| 506 |
|
|
|a License restrictions may limit access.
|
| 588 |
|
|
|a Description based on: Vol. 25, no. 1 (fall 2009), title from journal home page (ProQuest, viewed Sept. 12, 2011).
|
| 588 |
|
|
|a Latest issue consulted: Vol. 27, no. 3 (spring 2012) (Proquest website, viewed June 7, 2013).
|
| 650 |
|
0 |
|a Labor laws and legislation
|z United States
|v Periodicals.
|
| 650 |
|
7 |
|a Labor laws and legislation.
|2 fast
|0 (OCoLC)fst00989967
|
| 651 |
|
7 |
|a United States.
|2 fast
|0 (OCoLC)fst01204155
|
| 655 |
|
0 |
|a Electronic journals.
|
| 710 |
2 |
|
|a American Bar Association.
|b Section of Labor and Employment Law.
|
| 776 |
0 |
8 |
|i Print version:
|t ABA journal of labor & employment law
|x 2156-4809
|w (DLC) 2010222502
|w (OCoLC)503475831
|
| 780 |
0 |
0 |
|t Labor lawyer (Online)
|x 2329-4612
|w (DLC) 2007228730
|w (OCoLC)58673452
|
| 856 |
4 |
0 |
|z Full text available from Research Library: Fall 2009 to present
|u https://search.proquest.com/publication/13156
|